000 00872nam a2200253Ia 4500
003 OSt
005 20221005104128.0
006 a|||||r|||| 00| 0
007 ta
008 221004b |||||||| |||| 00| 0 hin d
024 _a24344
037 _cTextual
040 _aCRL
_cCRL
_bhin
041 _2hin
_ahin
082 _aO152,3N45x, N6
100 _aत्रिपाठी, जगदम्बा प्रसाद
245 0 _aतीन पहिए की गाड़ी
246 _aTīn pahie kī gāड़ī
260 _aदिल्ली
_bदिनमान प्रकाशन भारत
_c1996
300 _a184पृ0
_ccm.
650 _aहिन्दी साहित्य
942 _hO152,3N45x, N6
_cTEXL
_2cc
999 _c1011799
_d1011799